| 000 | 00446nam a22001457a 4500 | ||
|---|---|---|---|
| 008 | 240215b ||||| |||| 00| 0 eng d | ||
| 020 | _a9789966202314 | ||
| 050 |
_aHQ734 _b.K53 2013 |
||
| 100 | _aKibaki, Fredrick | ||
| 245 |
_aKeeping the marriage fire burning: _bdrinking from your own well/ _cKibaki Fredrick M. |
||
| 260 |
_aNairobi _bEvangel Publishing house _c2013 |
||
| 300 |
_axv, 103 p.; _c18 cm. |
||
| 650 | _aMarriage | ||
| 942 |
_2lcc _cBK |
||
| 999 |
_c58985 _d58985 |
||